Hlásenie o vyúčtovaní dane za rok 2012 sa podáva v novej lehote a na novom tlačive

Hlásenie zamestnávateľ predkladá na tlačive, ktorého vzor určuje Ministerstvo financií SR. Táto povinnosť sa nevzťahuje na zamestnávateľa, ktorý v roku 2012 nevyplácal príjmy zo závislej činnosti. Hlásenie sa od r. 2013 podáva do konca apríla, po uplynutí zdaňovacieho obdobia. V tejto lehote je povi...

Descrizione completa

Salvato in:
Dettagli Bibliografici
Autore principale: Rabatinová, Marcela, 1977-
Natura: Capitolo di libro
Lingua:slovacco
Soggetti:
Tags: Aggiungi Tag
Nessun Tag, puoi essere il primo ad aggiungerne!!

MARC

LEADER 00000nla a2200000 4500
001 0174168
005 20240502072953.4
041 0 |a slo 
044 |a SK 
245 1 0 |a Hlásenie o vyúčtovaní dane za rok 2012 sa podáva v novej lehote a na novom tlačive  |c Marcela Rabatinová 
520 |a Hlásenie zamestnávateľ predkladá na tlačive, ktorého vzor určuje Ministerstvo financií SR. Táto povinnosť sa nevzťahuje na zamestnávateľa, ktorý v roku 2012 nevyplácal príjmy zo závislej činnosti. Hlásenie sa od r. 2013 podáva do konca apríla, po uplynutí zdaňovacieho obdobia. V tejto lehote je povinný platiteľ dane, daňovník alebo dedič daň aj zaplatiť. Ak zamestnanec poberal v r. 2012 u zamestnávateľa zdaniteľné príjmy zo závislej činnosti, zamestnávateľ je povinný vystaviť a zároveň aj doručiť mu "Potvrdenie o príjmoch FO zo závislej činnosti, o preddavkoch na daň, o daňovom bonuse na vyživované deti za rok 2012". 
610 2 0 |a dane z príjmov 
610 2 0 |a daňovníci 
610 2 0 |a osoby fyzické 
610 2 0 |a zamestnávatelia 
610 2 0 |a zamestnanci 
610 2 0 |a zúčtovanie 
100 1 |a Rabatinová, Marcela, 1977-